Grafts : (Record no. 21)
[ view plain ]
| 000 -LEADER | |
|---|---|
| fixed length control field | 00622cam a2200229 a 4500 |
| 001 - CONTROL NUMBER | |
| control field | 1041810 |
| 005 - DATE AND TIME OF LATEST TRANSACTION | |
| control field | 20231117000905.0 |
| 008 - FIXED-LENGTH DATA ELEMENTS--GENERAL INFORMATION | |
| fixed length control field | 921223s1988 enka b 000 0 eng d |
| 020 ## - INTERNATIONAL STANDARD BOOK NUMBER | |
| ISBN | 0860919447 (pbk.) |
| 020 ## - INTERNATIONAL STANDARD BOOK NUMBER | |
| ISBN | 0860912302 |
| 040 ## - CATALOGING SOURCE (பட்டியலாக்க மூலம்) | |
| Original cataloging agency | PPiU |
| Transcribing agency | PPiU |
| Modifying agency | NcGU |
| -- | OCoLC |
| -- | DLC |
| 082 04 - DDC Classification | |
| Class No. | 305.42/01 |
| DDC Edition Number | 22 |
| 245 00 - TITLE STATEMENT | |
| Title | Grafts : |
| Remainder of title | feminist cultural criticism / |
| Statement of responsibility, etc. | edited by Susan Sheridan. |
| 250 ## - EDITION STATEMENT | |
| Edition statement | 1st |
| 260 ## - PUBLICATION, DISTRIBUTION, ETC. | |
| Place of publication, distribution, etc. | London ; |
| -- | New York : |
| Name of publisher, distributor, etc. | Verso, |
| Date of publication, distribution, etc. | 1988. |
| 300 ## - PHYSICAL DESCRIPTION | |
| Extent (e.g. Volumes, Pages etc.) | vii, 228 p. : |
| 650 #0 - SUBJECT ADDED ENTRY--TOPICAL TERM | |
| Topical term or geographic name entry element | Feminist theory. |
| 650 #0 - SUBJECT ADDED ENTRY--TOPICAL TERM | |
| Topical term or geographic name entry element | Feminist criticism. |
| 650 #0 - SUBJECT ADDED ENTRY--TOPICAL TERM | |
| Topical term or geographic name entry element | Culture. |
| 700 1# - ADDED ENTRY--PERSONAL NAME | |
| Personal name | Sheridan, Susan. |
| Relator term (Role) | Editor |
| 942 ## - Koha item type (Biblio) | |
| Koha item type | Books in Stacks (Lending) |
| Lost status | Damaged status | Collection code | Home library | Current library | Date acquired | Full call number | Accession Number | Item type |
|---|---|---|---|---|---|---|---|---|
| Lending | WERC Library | WERC Library | 11/17/2023 | 305.42/01 | 2052 | Books in Stacks (Lending) |
